00417cam1a220015700 4500001001200000003000500012005001700017008004100034035001900075035002200094040000900116100005300125245003900178260003600217004000600253tmp16002195UPRA20190830105540.0951120s1974 gw ger u a(Sirsi) r26409 a(UPRA)tmp16002195 cUPRA1 aFrisch, Max, 1911-dFrisch, Max, 1911-6A64784.110aMein Name Sei Gantenbein :bRoman. a[Frankfurt] :bFischer,c[1974]26409